[Event "4th EUR-ch"]
[Site "Istanbul TUR"]
[Date "2003.06.11"]
[Round "11.34"]
[White "Macieja, Bartlomiej"]
[Black "Conquest, Stuart"]
[Result "1/2-1/2"]
[WhiteElo "2634"]
[BlackElo "2556"]
[EventDate "2003.05.30"]
[PlyCount "117"]

1.e4 e6 2.d4 d5 3.Nc3 dxe4 4.Nxe4 Nd7 5.g3 Be7 6.Bg2 Ngf6 7.Nxf6+ Bxf6 8.
Nf3 O-O 9.O-O e5 10.Be3 exd4 11.Bxd4 Nb6 12.a4 a5 13.Bxb6 cxb6 14.c3 Be6 
15.Qc2 Qc7 16.Rfd1 Rad8 17.Rxd8 Rxd8 18.Rd1 Rxd1+ 19.Qxd1 Qd7 20.Nd4 Bg4 
21.f3 Be6 22.Bf1 h5 23.Bb5 Qd5 24.Qd3 h4 25.Nxe6 Qxd3 26.Bxd3 fxe6 27.f4 
hxg3 28.hxg3 g5 29.Bc4 gxf4 30.Bxe6+ Kg7 31.gxf4 Bh4 32.c4 Bg3 33.f5 Kf6 
34.Kg2 Be5 35.b3 Bd6 36.Kf3 Ke5 37.Kg4 Be7 38.Bd7 Bd8 39.Bc8 Be7 40.Bxb7 
Bd8 41.Bc8 Be7 42.Be6 Bd8 43.Kh5 Kf6 44.Kh4 Be7 45.Kg4 Ke5 46.Bd7 Bd8 47.
Kg3 Be7 48.Kf2 Bc5+ 49.Ke2 Bb4 50.Ke3 Be7 51.Kf3 Bc5 52.Bc8 Bb4 53.Kg4 Be7
54.Bb7 Bd8 55.Bf3 Be7 56.Bd1 Bd8 57.Bc2 Be7 58.Bb1 Bd8 59.Bc2 1/2-1/2

[Event "4th EUR-ch"]
[Site "Istanbul TUR"]
[Date "2003.06.11"]
[Round "11.35"]
[White "Svetuschin, Dumitru"]
[Black "Volkov, Sergei"]
[Result "0-1"]
[WhiteElo "2543"]
[BlackElo "2634"]
[EventDate "2003.05.30"]
[PlyCount "58"]

1.e4 e6 2.Qe2 c5 3.g3 Nc6 4.c3 d5 5.d3 Nge7 6.Nf3 b6 7.Bg2 Ba6 8.e5 Qc7 9.
O-O h6 10.h4 g6 11.Na3 Bg7 12.Re1 O-O-O 13.Rb1 Kb8 14.b4 cxb4 15.cxb4 b5 
16.d4 Qb6 17.Be3 Nf5 18.Bf1 g5 19.g4 Nxe3 20.fxe3 gxh4 21.Nxb5 Bf8 22.a4 
Rg8 23.Rec1 Rxg4+ 24.Kf2 Be7 25.Rc5 Ka8 26.Qe1 h3 27.Bxh3 Rgg8 28.Bf1 Bxb5
29.axb5 Nb8 0-1

[Event "4th EUR-ch"]
[Site "Istanbul TUR"]
[Date "2003.06.11"]
[Round "11.37"]
[White "Anastasian, Ashot"]
[Black "Baklan, Volodymyr"]
[Result "1/2-1/2"]
[WhiteElo "2561"]
[BlackElo "2607"]
[EventDate "2003.05.30"]
[PlyCount "101"]

1.c4 c5 2.Nc3 Nc6 3.Nf3 g6 4.e3 Bg7 5.d4 d6 6.Be2 Nh6 7.d5 Ne5 8.Nxe5 Bxe5
9.e4 Bg7 10.Be3 f5 11.Qd2 Ng4 12.Bxg4 fxg4 13.O-O O-O 14.Bh6 Bxh6 15.Qxh6 
e5 16.dxe6 Bxe6 17.b3 Qf6 18.Qe3 Qe5 19.Rad1 a6 20.Rd2 Rf4 21.Re1 Raf8 22.
a4 h5 23.a5 Kh7 24.Nd5 Bxd5 25.exd5 Qf5 26.Rde2 Rf7 27.Qg3 Qf6 28.Qe3 Qf5 
29.Qd2 Rd4 30.Qb2 Qd3 31.g3 Kg7 32.Re6 Qd2 33.Qxd2 Rxd2 34.R1e2 Rd1+ 35.
Kg2 Rb1 36.Rxd6 Rxb3 37.h3 h4 38.hxg4 hxg3 39.g5 gxf2 40.Rxf2 Rb4 41.Rxf7+
Kxf7 42.Rf6+ Ke7 43.Rxg6 Rxc4 44.Kf3 Rd4 45.Rg7+ Kf8 46.Rd7 c4 47.Ke3 Rg4 
48.Rxb7 Rxg5 49.Kd4 c3 50.Rc7 Rg4+ 51.Kc5 1/2-1/2

[Event "4th EUR-ch"]
[Site "Istanbul TUR"]
[Date "2003.06.11"]
[Round "11.38"]
[White "Nataf, Igor-Alexandre"]
[Black "Naer, Evgeny"]
[Result "1/2-1/2"]
[WhiteElo "2559"]
[BlackElo "2606"]
[EventDate "2003.05.30"]
[PlyCount "49"]

1.e4 c6 2.d4 d5 3.e5 Bf5 4.Nc3 e6 5.g4 Bg6 6.Nge2 f6 7.Nf4 fxe5 8.dxe5 Bf7
9.Qe2 Nd7 10.Bd2 Qc7 11.O-O-O O-O-O 12.Re1 Bc5 13.h4 Bd4 14.Nd3 h5 15.g5 
Ne7 16.Bh3 Kb8 17.Qf3 Rhf8 18.Qg3 Nc5 19.Nxc5 Bxc5 20.Na4 Bd4 21.c3 Bb6 
22.f4 Ka8 23.Rhf1 g6 24.Kb1 c5 25.b3 1/2-1/2

[Event "4th EUR-ch"]
[Site "Istanbul TUR"]
[Date "2003.06.11"]
[Round "11.39"]
[White "Korobov, Anton"]
[Black "Andersson, Ulf"]
[Result "1-0"]
[WhiteElo "2513"]
[BlackElo "2594"]
[EventDate "2003.05.30"]
[PlyCount "71"]

1.d4 Nf6 2.c4 e6 3.Nf3 Bb4+ 4.Nbd2 b6 5.g3 Ba6 6.Qc2 Bb7 7.Bg2 c5 8.dxc5 
Bxc5 9.O-O Be7 10.b3 Qc7 11.Bb2 d6 12.e4 O-O 13.Nd4 a6 14.Rac1 Nc6 15.Nb5 
Qb8 16.Nc3 Ra7 17.Rfd1 Ba8 18.Nf1 b5 19.cxb5 axb5 20.Ne3 Nb4 21.Qb1 Na6 
22.Ba1 Nc5 23.b4 Na4 24.Ne2 e5 25.Nf5 Rd8 26.Qd3 Rad7 27.g4 Bf8 28.g5 Ne8 
29.f4 Qb6+ 30.Kh1 g6 31.Ne3 exf4 32.Nxf4 Qa6 33.Nfd5 Bxd5 34.Nxd5 Bg7 35.
Bxg7 Kxg7 36.Bh3 1-0

[Event "4th EUR-ch"]
[Site "Istanbul TUR"]
[Date "2003.06.11"]
[Round "11.40"]
[White "Rozentalis, Eduardas"]
[Black "Kempinski, Robert"]
[Result "1-0"]
[WhiteElo "2586"]
[BlackElo "2553"]
[EventDate "2003.05.30"]
[PlyCount "55"]

1.e4 c5 2.c3 d6 3.d4 Nf6 4.Bd3 g6 5.dxc5 dxc5 6.e5 Nfd7 7.f4 Qc7 8.Nf3 e6 
9.Nbd2 b6 10.Qe2 Bb7 11.Ne4 a6 12.Be3 Nc6 13.O-O-O b5 14.Bc2 Be7 15.h4 h5 
16.Nfg5 Na5 17.Nd6+ Bxd6 18.exd6 Qd8 19.Bxc5 Nxc5 20.Qe5 O-O 21.Qxc5 Rc8 
22.Qe5 Bd5 23.Rxd5 exd5 24.Ne6 fxe6 25.Qxe6+ Kh8 26.Qxg6 Qd7 27.Qh6+ Kg8 
28.Rh3 1-0

[Event "4th EUR-ch"]
[Site "Istanbul TUR"]
[Date "2003.06.11"]
[Round "11.41"]
[White "Godena, Michele"]
[Black "Hracek, Zbynek"]
[Result "0-1"]
[WhiteElo "2527"]
[BlackElo "2584"]
[EventDate "2003.05.30"]
[PlyCount "64"]

1.e4 e5 2.Bc4 Nc6 3.Nf3 Nf6 4.d3 Bc5 5.c3 a6 6.Bb3 d6 7.O-O Ba7 8.Nbd2 O-O
9.Nc4 Ne7 10.Nh4 Bg4 11.Qe1 Be6 12.Be3 c5 13.Bg5 Ne8 14.Nd2 Qd7 15.Bxe6 
fxe6 16.Kh1 Nc6 17.Nhf3 h6 18.Bh4 Bb6 19.Rd1 Bd8 20.Bxd8 Rxd8 21.Qe3 Nf6 
22.h3 b5 23.Ng1 Nh5 24.Ne2 Nf4 25.Nxf4 Rxf4 26.g3 Rf6 27.Kg2 Rdf8 28.h4 
Qe7 29.f3 Qf7 30.Rf2 Rg6 31.Rg1 Qe7 32.Kh3 Kh7 0-1

[Event "4th EUR-ch"]
[Site "Istanbul TUR"]
[Date "2003.06.11"]
[Round "11.42"]
[White "Gagunashvili, Merab"]
[Black "Zelcic, Robert"]
[Result "1/2-1/2"]
[WhiteElo "2580"]
[BlackElo "2540"]
[EventDate "2003.05.30"]
[PlyCount "206"]

1.e4 c6 2.d4 d5 3.exd5 cxd5 4.c4 Nf6 5.Nc3 e6 6.Nf3 Bb4 7.Bd3 O-O 8.O-O 
dxc4 9.Bxc4 a6 10.Bg5 b5 11.Bd3 Bb7 12.a4 bxa4 13.Rxa4 Be7 14.Ne5 Nbd7 15.
Qe2 h6 16.Be3 Nb6 17.Raa1 a5 18.Qd2 Nfd7 19.Rad1 Nd5 20.Nxd5 Bxd5 21.Bxh6 
Nxe5 22.dxe5 gxh6 23.Qxh6 f5 24.exf6 Rxf6 25.Bg6 Rf7 26.Bxf7+ Kxf7 27.Qh7+
Kf6 28.Qh6+ Kf7 29.Qh5+ Kf8 30.Rd4 Bf6 31.Rf4 Ke7 32.Re1 Kd6 33.Qg6 Bxb2 
34.Rf5 Rb8 35.Rd1 Rb5 36.Rf7 a4 37.Ra7 Ra5 38.Qg3+ Kc6 39.Rh7 a3 40.Qd3 
Qb6 41.Qc2+ Qc5 42.Qd2 Ra7 43.Rxa7 Qxa7 44.Qc2+ Kd6 45.Qb3 Bf6 46.Qb4+ Kd7
47.Qf4 Be7 48.Qc4 Qb7 49.Qa4+ Kd8 50.h4 Bd6 51.h5 Qb4 52.Qc2 Qg4 53.f3 
Qxh5 54.Qc3 Qe5 55.Qa5+ Ke7 56.Qa7+ Kf6 57.Qh7 Bc5+ 58.Kh1 Qg5 59.Qh8+ Qg7
60.Qh4+ Kf7 61.Qh5+ Qg6 62.Rxd5 Qxh5+ 63.Rxh5 a2 64.Rxc5 a1=Q+ 65.Kh2 Qd4 
66.Rc2 Qe5+ 67.Kg1 Qd4+ 68.Kh2 Qd3 69.Ra2 Qc4 70.Ra7+ Kg6 71.Rb7 e5 72.Rd7
Qa4 73.Kg1 Qc4 74.Rd1 Qc3 75.Kf1 Qc4+ 76.Kg1 Qe2 77.Rd7 Qe1+ 78.Kh2 Qc1 
79.Rb7 Qd2 80.Kg1 Kg5 81.Rg7+ Kf4 82.Rg4+ Ke3 83.Re4+ Kd3 84.Kh2 Qh6+ 85.
Kg1 Qh5 86.Kf2 Qg5 87.Kg1 Qh5 88.Kf2 Qh2 89.Kf1 Qh1+ 90.Kf2 Qa1 91.Kg3 Qb2
92.Kh2 Qf2 93.Kh1 Qd4 94.Kh2 Qd6 95.Kg1 Qh6 96.Kf2 Qg6 97.Kf1 Qb6 98.Rxe5 
Qb1+ 99.Re1 Qb5 100.Re4 Qc5 101.Re1 Qb6 102.Re4 Qc5 103.Re1 Qb6 1/2-1/2

[Event "4th EUR-ch"]
[Site "Istanbul TUR"]
[Date "2003.06.11"]
[Round "11.43"]
[White "Delchev, Alexander"]
[Black "Gdanski, Jacek"]
[Result "1/2-1/2"]
[WhiteElo "2577"]
[BlackElo "2506"]
[EventDate "2003.05.30"]
[PlyCount "168"]

1.Nf3 Nf6 2.c4 c5 3.Nc3 g6 4.d4 cxd4 5.Nxd4 Nc6 6.e4 d6 7.f3 Nxd4 8.Qxd4 
Bg7 9.Be3 O-O 10.Qd2 a5 11.Be2 a4 12.O-O Qa5 13.Rac1 Be6 14.Nd5 Qxd2 15.
Nxe7+ Kh8 16.Bxd2 Rfe8 17.Nd5 Nxd5 18.cxd5 Bxd5 19.Bb5 Bc6 20.Bxc6 bxc6 
21.Rxc6 Bd4+ 22.Kh1 Bxb2 23.Rxd6 Rad8 24.Rd5 Kg7 25.Rd1 Rc8 26.h4 h5 27.
Bg5 Rc7 28.Ra5 a3 29.Rdd5 f6 30.Bf4 Rb7 31.Rac5 Ree7 32.Kg1 Rb4 33.Rc8 Rd4
34.Rxd4 Bxd4+ 35.Kf1 Re6 36.Rc4 Bb2 37.Rc7+ Kg8 38.Ke2 Rb6 39.Kd3 Rb4 40.
Rc4 Rb5 41.Rc8+ Kf7 42.Kc4 Ra5 43.Kb4 Ra6 44.Kb5 Re6 45.Rc7+ Kg8 46.Rc6 
Re8 47.Rb6 Kf7 48.Rb8 Re7 49.Bd6 Ra7 50.Kc6 Ra6+ 51.Rb6 Ra4 52.Rb7+ Kg8 
53.Rb4 Ra5 54.Bc5 Ra8 55.Kd7 Kf7 56.Rb7 Ra5 57.Kc6+ Ke8 58.Ra7 Rxa7 59.
Bxa7 Ke7 60.Kd5 Kd7 61.Bc5 Bc1 62.Bb4 Bb2 63.Bd2 Ke7 64.g4 Kf7 65.gxh5 
gxh5 66.Bb4 Bc1 67.Bd6 Bd2 68.Bxa3 Be1 69.Bc5 Bxh4 70.a4 Be1 71.e5 h4 72.
e6+ Ke8 73.Ke4 h3 74.Bd6 Bb4 75.Bh2 Ke7 76.Kd5 f5 77.f4 Bc3 78.Bg1 Bd2 79.
Ke5 Bxf4+ 80.Kxf4 Kxe6 81.a5 Kd7 82.a6 Kc7 83.Kxf5 h2 84.Bxh2+ Kb6 1/2-1/2

[Event "4th EUR-ch"]
[Site "Istanbul TUR"]
[Date "2003.06.11"]
[Round "11.44"]
[White "Timofeev, Artiom"]
[Black "Fontaine, Robert"]
[Result "1-0"]
[WhiteElo "2577"]
[BlackElo "2527"]
[EventDate "2003.05.30"]
[PlyCount "59"]

1.e4 c5 2.Nf3 d6 3.d4 cxd4 4.Nxd4 Nf6 5.Nc3 Nc6 6.Bg5 e6 7.Qd2 Be7 8.O-O-O
Nxd4 9.Qxd4 O-O 10.f4 h6 11.Bh4 Qa5 12.Bc4 e5 13.fxe5 dxe5 14.Qd3 Bg4 15.
Bxf6 Bxf6 16.Rdf1 Rac8 17.Kb1 Qb4 18.Bb3 Rxc3 19.bxc3 Qb6 20.Qg3 Bd7 21.
Rf3 a5 22.Rhf1 Kh7 23.Qf2 Qxf2 24.R1xf2 a4 25.Bd5 Kg6 26.c4 Bg4 27.Rg3 h5 
28.h3 Bh4 29.Rff3 Bxg3 30.Rxg3 1-0

[Event "4th EUR-ch"]
[Site "Istanbul TUR"]
[Date "2003.06.11"]
[Round "11.45"]
[White "Luther, Thomas"]
[Black "Shneider, Alexander"]
[Result "1-0"]
[WhiteElo "2571"]
[BlackElo "2497"]
[EventDate "2003.05.30"]
[PlyCount "79"]

1.e4 c5 2.Nf3 d6 3.d4 cxd4 4.Nxd4 Nf6 5.Nc3 a6 6.Bg5 e6 7.f4 Nbd7 8.Qf3 
Qc7 9.O-O-O b5 10.Bd3 Bb7 11.Rhe1 Be7 12.Qg3 b4 13.Nd5 exd5 14.exd5 Kd8 
15.Nc6+ Bxc6 16.dxc6 Qxc6 17.Bxf6 Nxf6 18.Qxg7 Rg8 19.Qxf7 Qe8 20.Qb3 Rxg2
21.Bf5 Rg7 22.Qxb4 Qc6 23.Re6 Kc7 24.Re3 Qb6 25.Rxe7+ Rxe7 26.Qxb6+ Kxb6 
27.Rxd6+ Kc7 28.Rxf6 a5 29.Bd3 a4 30.Rh6 a3 31.bxa3 Rxa3 32.f5 Rxa2 33.f6 
Rd7 34.Bf5 Rd6 35.Rxh7+ Kb6 36.f7 Ra8 37.Rg7 Rh8 38.Rg6 Kc7 39.h4 Rdd8 40.
h5 1-0

[Event "4th EUR-ch"]
[Site "Istanbul TUR"]
[Date "2003.06.11"]
[Round "11.49"]
[White "Areschenko, Alexander"]
[Black "Pelletier, Yannick"]
[Result "0-1"]
[WhiteElo "2546"]
[BlackElo "2623"]
[EventDate "2003.05.30"]
[PlyCount "74"]

1.e4 e6 2.d4 d5 3.Nc3 Bb4 4.e5 Ne7 5.a3 Bxc3+ 6.bxc3 c5 7.Qg4 O-O 8.Bd3 f5
9.exf6 Rxf6 10.Qh5 h6 11.g4 c4 12.Be2 Rf7 13.f4 Nd7 14.Bf3 Qa5 15.Ne2 Nf6 
16.Qh4 Bd7 17.O-O Ne4 18.Qe1 Raf8 19.a4 Bc6 20.Ba3 Qc7 21.Bxe4 dxe4 22.Qg3
Qd7 23.Bxe7 Rxe7 24.Qe3 Bxa4 25.Qxe4 a5 26.Ng3 Bc6 27.Qe5 a4 28.Rfe1 Ref7 
29.f5 exf5 30.Nxf5 Kh7 31.Qe6 Qd8 32.Re5 Qg5 33.Nxh6 Qd2 34.d5 Qf2+ 35.Kh1
Qf3+ 36.Kg1 Qf2+ 37.Kh1 Rf6 0-1

[Event "4th EUR-ch"]
[Site "Istanbul TUR"]
[Date "2003.06.11"]
[Round "11.52"]
[White "Damljanovic, Branko"]
[Black "Banikas, Hristos"]
[Result "1-0"]
[WhiteElo "2587"]
[BlackElo "2542"]
[EventDate "2003.05.30"]
[PlyCount "65"]

1.c4 c5 2.Nf3 Nc6 3.Nc3 e5 4.g3 g6 5.Bg2 Bg7 6.a3 d6 7.O-O a5 8.Ne1 Be6 9.
Nd5 Nge7 10.d3 O-O 11.Nc2 Rb8 12.Bg5 f6 13.Bd2 b5 14.b3 Kh8 15.Nc3 a4 16.
cxb5 axb3 17.bxc6 bxc2 18.Qxc2 Bb3 19.Qc1 d5 20.a4 Nxc6 21.Be3 Nd4 22.a5 
c4 23.a6 cxd3 24.exd3 Rc8 25.Bxd4 exd4 26.Qa3 Rxc3 27.a7 Qa8 28.Rfb1 Rf7 
29.Qd6 Rb7 30.Rxb3 Rcxb3 31.Bxd5 R3b5 32.Bxb7 Rxb7 33.Qc6 1-0

[Event "4th EUR-ch"]
[Site "Istanbul TUR"]
[Date "2003.06.11"]
[Round "11.53"]
[White "Guliev, Sarhan"]
[Black "Markowski, Tomasz"]
[Result "1/2-1/2"]
[WhiteElo "2524"]
[BlackElo "2587"]
[EventDate "2003.05.30"]
[PlyCount "164"]

1.d4 d5 2.c4 dxc4 3.Nf3 Nf6 4.e3 e6 5.Bxc4 a6 6.O-O Nbd7 7.Qe2 b5 8.Bd3 c5
9.a4 c4 10.Bc2 Bb7 11.e4 Be7 12.Bg5 O-O 13.Nbd2 h6 14.Bh4 Re8 15.Rfe1 Nf8 
16.e5 Nd5 17.Bxe7 Qxe7 18.Ne4 Bc6 19.Nd6 Red8 20.Be4 Qd7 21.Nd2 f5 22.Bxd5
Bxd5 23.Qh5 bxa4 24.Ra3 Rab8 25.N2xc4 Bxc4 26.Nxc4 Qxd4 27.Rxa4 Rb3 28.h3 
Rd3 29.Rea1 Rd7 30.Qe2 Ng6 31.Nd6 Qd5 32.Ra5 Nf4 33.Qf1 Qd4 34.R1a4 Rd1 
35.Rxd4 Ne2+ 36.Kh2 Rxf1 37.Rd2 Nc1 38.Rxa6 Nb3 39.Rc2 f4 40.Ra3 Nd4 41.
Rc4 Ne2 42.b4 Rxf2 43.Rc2 f3 44.Rxf3 Rxf3 45.gxf3 Nd4 46.Rc8+ Kh7 47.Kg3 
Ra7 48.Rc4 Ne2+ 49.Kf2 Ra2 50.Ke3 g5 51.h4 Nf4 52.hxg5 hxg5 53.b5 Ra3+ 54.
Kd4 Rb3 55.Rc7+ Kg6 56.Kc4 Rb1 57.Re7 Rc1+ 58.Kd4 Rb1 59.Re8 Kh5 60.Rh8+ 
Kg6 61.Rh2 Rb4+ 62.Kc5 Nd3+ 63.Kb6 Nxe5 64.Re2 Kf6 65.Ne8+ Kf5 66.Ng7+ Kf6
67.Ne8+ Kf5 68.Nd6+ Kf4 69.Kc7 Nxf3 70.b6 Nd4 71.Re4+ Kf3 72.b7 Nb5+ 73.
Nxb5 Rxb5 74.Rxe6 Rxb7+ 75.Kxb7 g4 76.Rf6+ Ke3 77.Rg6 Kf3 78.Kc6 g3 79.Kd5
g2 80.Kd4 Kf2 81.Kd3 g1=Q 82.Rxg1 Kxg1 1/2-1/2

[Event "4th EUR-ch"]
[Site "Istanbul TUR"]
[Date "2003.06.11"]
[Round "11.54"]
[White "Nevednichy, Vladislav"]
[Black "Dervishi, Erald"]
[Result "1/2-1/2"]
[WhiteElo "2569"]
[BlackElo "2535"]
[EventDate "2003.05.30"]
[PlyCount "141"]

1.e4 e5 2.Nf3 Nc6 3.Bc4 Nf6 4.d3 Bc5 5.c3 a6 6.Nbd2 O-O 7.O-O d6 8.Bb3 Ba7
9.h3 Nh5 10.Nc4 Nf4 11.Bxf4 exf4 12.d4 Ne7 13.e5 d5 14.Ncd2 Ng6 15.Bc2 Be6
16.Re1 c6 17.b4 Nh4 18.a4 Bb6 19.a5 Ba7 20.Nb3 Nxf3+ 21.Qxf3 Qh4 22.Bd3 
Rae8 23.Nc5 Bxc5 24.bxc5 Re7 25.Rab1 Kh8 26.Rb2 Rfe8 27.g3 fxg3 28.fxg3 
Qh6 29.Qf4 Qh5 30.h4 Bg4 31.Rf1 Rf8 32.Qg5 Qxg5 33.hxg5 g6 34.Rh2 Kg7 35.
Kf2 Be6 36.Ke3 Rd8 37.Rb1 Rc7 38.Rb6 Re8 39.Kf4 Rd8 40.Bf1 Re8 41.Be2 Rd8 
42.Bg4 Re8 43.Rb1 Rd8 44.Rf1 Re8 45.Rh4 Rd8 46.Ke3 Re7 47.Rf6 Kg8 48.Kd3 
Kg7 49.Be2 Rc7 50.Rhf4 Re7 51.Ke3 Kg8 52.Rf1 Kg7 53.Rb1 Kg8 54.Rb6 Rc7 55.
Rb4 Kg7 56.c4 dxc4 57.Bxc4 Re7 58.Kd3 Kg8 59.Kc3 Kg7 60.Rf4 Kg8 61.Rb6 Rc7
62.Rf6 Re8 63.Bb3 Kg7 64.Rf1 Rd8 65.Rb1 Rdd7 66.Bc4 Kg8 67.Rf1 Rd8 68.Rf6 
Re8 69.Rf2 Rd8 70.Bb3 Kg7 71.Rf6 1/2-1/2

[Event "4th EUR-ch"]
[Site "Istanbul TUR"]
[Date "2003.06.11"]
[Round "11.55"]
[White "Inarkiev, Ernesto"]
[Black "Roiz, Michael"]
[Result "1-0"]
[WhiteElo "2568"]
[BlackElo "2529"]
[EventDate "2003.05.30"]
[PlyCount "135"]

1.e4 e5 2.Nf3 Nc6 3.Bb5 Nf6 4.d3 d6 5.c3 g6 6.d4 Bd7 7.O-O Bg7 8.Re1 O-O 
9.a4 a6 10.Bf1 exd4 11.cxd4 Bg4 12.d5 Nb4 13.Ra3 Re8 14.a5 c5 15.Nbd2 Bxf3
16.gxf3 Nfxd5 17.exd5 Rxe1 18.Qxe1 Nc2 19.Qe2 Nxa3 20.bxa3 Qxa5 21.Ne4 b5 
22.Bb2 Qd8 23.Bxg7 Kxg7 24.Qb2+ f6 25.a4 Rb8 26.axb5 axb5 27.Bxb5 Kf7 28.
Qe2 f5 29.Nd2 Qe7 30.Qd3 Qg5+ 31.Kf1 Ra8 32.Qe3 Ra1+ 33.Ke2 Qe7 34.f4 Ra3 
35.Bd3 Ra2 36.Bc4 Ra3 37.Qe6+ Qxe6+ 38.dxe6+ Ke7 39.Nf1 Rh3 40.Bd5 Ra3 41.
Ne3 Ra4 42.Nc4 Ra2+ 43.Ke3 Ra6 44.Kd3 h6 45.h4 h5 46.Ke3 Kf6 47.Kd3 Ke7 
48.Ne3 Ra3+ 49.Kc2 Ra1 50.Kd2 Ra4 51.Bc4 Ra1 52.Bd5 Ra4 53.Nc4 Ra6 54.Kc3 
Kf6 55.Kb2 Ke7 56.Kb3 Ra1 57.Kc3 Ra6 58.f3 Kf6 59.Bb7 Ra7 60.Bc8 d5 61.Nb6
Ra3+ 62.Kb2 Rd3 63.Nd7+ Ke7 64.Ne5 Rd2+ 65.Kc3 Rg2 66.Nc6+ Kd6 67.e7 Re2 
68.Kd3 1-0

[Event "4th EUR-ch"]
[Site "Istanbul TUR"]
[Date "2003.06.11"]
[Round "11.56"]
[White "Vesterbaek Pedersen, Nicolai"]
[Black "Marin, Mihail"]
[Result "1/2-1/2"]
[WhiteElo "2508"]
[BlackElo "2568"]
[EventDate "2003.05.30"]
[PlyCount "58"]

1.e4 d6 2.d4 Nf6 3.Nc3 g6 4.f4 Bg7 5.Nf3 O-O 6.Bd3 Na6 7.e5 Ng4 8.h3 Nh6 
9.g4 c5 10.d5 Nc7 11.Be2 b6 12.Be3 Bb7 13.Qd2 f5 14.Rg1 dxe5 15.fxe5 f4 
16.Bxf4 Nxd5 17.Bxh6 Nxc3 18.Bxg7 Nxe2 19.Bxf8 Nxg1 20.Nxg1 Qxd2+ 21.Kxd2 
Kxf8 22.Rf1+ Ke8 23.Nf3 Rd8+ 24.Kc3 Bxf3 25.Rxf3 Rd5 26.Kc4 Rd4+ 27.Kc3 
Rd5 28.Kc4 Rd4+ 29.Kc3 Rd5 1/2-1/2

[Event "4th EUR-ch"]
[Site "Istanbul TUR"]
[Date "2003.06.11"]
[Round "11.57"]
[White "Jobava, Baadur"]
[Black "Vokarev, Sergei"]
[Result "1-0"]
[WhiteElo "2566"]
[BlackElo "2498"]
[EventDate "2003.05.30"]
[PlyCount "99"]

1.c4 Nf6 2.Nc3 d5 3.cxd5 Nxd5 4.g3 g6 5.Bg2 Nb6 6.Nf3 Bg7 7.O-O Nc6 8.d4 
Nxd4 9.Nxd4 Qxd4 10.Nb5 Qxd1 11.Rxd1 Be5 12.Bf4 Bxf4 13.gxf4 O-O 14.Nxc7 
Rb8 15.a4 a5 16.Rd4 Na8 17.Rc1 Nxc7 18.Rxc7 b5 19.Rxe7 bxa4 20.Rxa4 Rxb2 
21.Bd5 Rb5 22.Bc4 Rc5 23.Re5 Rxe5 24.fxe5 Bh3 25.Rxa5 Rc8 26.Ra4 g5 27.e3 
Rb8 28.f4 Rb2 29.Bd5 Rd2 30.Rd4 Re2 31.Rd3 g4 32.Ra3 Rd2 33.Be4 h5 34.f5 
Rd8 35.f6 h4 36.Kf2 Rd2+ 37.Ke1 Rd8 38.Bf5 Re8 39.Ra4 Kh8 40.Ra7 Rf8 41.e4
Bg2 42.Kf2 Bh3 43.Ke3 Kg8 44.Kf4 Kh8 45.Bxg4 Bxg4 46.Kxg4 Kh7 47.e6 Kg6 
48.Rxf7 Rb8 49.e5 Rb4+ 50.Kf3 1-0

[Event "4th EUR-ch"]
[Site "Istanbul TUR"]
[Date "2003.06.11"]
[Round "11.58"]
[White "Sanduleac, Vasile"]
[Black "Schandorff, Lars"]
[Result "0-1"]
[WhiteElo "2492"]
[BlackElo "2563"]
[EventDate "2003.05.30"]
[PlyCount "156"]

1.e4 c6 2.d4 d5 3.Nd2 dxe4 4.Nxe4 Nd7 5.Nf3 Ngf6 6.Nxf6+ Nxf6 7.Bc4 Bf5 8.
Ne5 e6 9.c3 Bd6 10.Qe2 h5 11.h3 Qc7 12.Bb3 Bxe5 13.Qxe5 Qxe5+ 14.dxe5 Nd7 
15.Bf4 Nc5 16.Bc4 O-O-O 17.Bd2 b6 18.Be2 Bd3 19.Be3 Na4 20.Bxd3 Rxd3 21.
Rb1 Rd5 22.O-O Rb5 23.Rbd1 Nxb2 24.Rd6 Rd5 25.Rxc6+ Kd7 26.Rd6+ Rxd6 27.
exd6 Nc4 28.Bc1 Kxd6 29.Rd1+ Ke7 30.Rd4 Rc8 31.Kf1 e5 32.Re4 Ke6 33.g4 
hxg4 34.hxg4 Nd6 35.Re3 Rc4 36.f3 f6 37.Ke1 Nb5 38.Kd2 Ra4 39.Kc2 Rxa2+ 
40.Kb3 Rf2 41.Rd3 g5 42.Bb2 Nd6 43.Ba3 Nb7 44.Bb4 Rh2 45.Rd1 Rh3 46.Rf1 
Rh7 47.Ra1 Rc7 48.Kc2 Nd8 49.Kd3 Nc6 50.Ba3 Na5 51.Rh1 Rd7+ 52.Kc2 Nc4 53.
Bc1 Nd6 54.Rh6 Nf7 55.Rh1 Rd8 56.Be3 Nd6 57.Rh6 Nf7 58.Rh1 Rd7 59.Rh2 b5 
60.Kb3 Rd3 61.Re2 a5 62.Kc2 Rd5 63.Rh2 a4 64.Rh7 Rd8 65.Bc5 Nd6 66.Rh3 Nf7
67.Rh1 Nd6 68.Rh7 Rc8 69.Bb4 Nf7 70.Rh1 Rh8 71.Rb1 Rh3 72.Rf1 Nd6 73.Bc5 
Nc4 74.Rb1 Rh2+ 75.Kd3 Rd2+ 76.Ke4 Re2+ 77.Kd3 Rd2+ 78.Ke4 Rd5 0-1

[Event "4th EUR-ch"]
[Site "Istanbul TUR"]
[Date "2003.06.11"]
[Round "11.59"]
[White "Vaisser, Anatoli"]
[Black "Bartel, Mateusz"]
[Result "1-0"]
[WhiteElo "2563"]
[BlackElo "2443"]
[EventDate "2003.05.30"]
[PlyCount "39"]

1.d4 f5 2.g3 Nf6 3.Bg2 g6 4.Nh3 Bg7 5.Nf4 Nc6 6.h4 e5 7.dxe5 Nxe5 8.h5 c6 
9.Nd2 d5 10.Nf3 Nfg4 11.Nxe5 Nxe5 12.Be3 Bf6 13.hxg6 hxg6 14.Rxh8+ Bxh8 
15.Bd4 Qa5+ 16.c3 Kf7 17.Qb3 b6 18.O-O-O Be6 19.Rh1 Bg7 20.Rh7 1-0

[Event "4th EUR-ch"]
[Site "Istanbul TUR"]
[Date "2003.06.11"]
[Round "11.60"]
[White "Mastrovasilis, Athanasios"]
[Black "Nijboer, Friso"]
[Result "1-0"]
[WhiteElo "2487"]
[BlackElo "2562"]
[EventDate "2003.05.30"]
[PlyCount "65"]

1.Nf3 g6 2.c4 Bg7 3.Nc3 d6 4.g3 Nc6 5.Bg2 e5 6.d3 f5 7.O-O Nf6 8.Rb1 O-O 
9.b4 h6 10.b5 Ne7 11.a4 Be6 12.a5 Rc8 13.Bd2 g5 14.Ne1 b6 15.Nc2 bxa5 16.
Ne3 f4 17.Ned5 Nexd5 18.Nxd5 Nxd5 19.cxd5 Bd7 20.Qc2 g4 21.Be4 Qg5 22.Kh1 
Qh5 23.Bxa5 Bxb5 24.Rg1 a6 25.f3 Bd7 26.Rb7 Qh3 27.Rxc7 h5 28.Qd1 Rf7 29.
Rxd7 Rxd7 30.Bf5 Rdc7 31.Bxc7 Rxc7 32.fxg4 h4 33.Be6+ 1-0

[Event "4th EUR-ch"]
[Site "Istanbul TUR"]
[Date "2003.06.11"]
[Round "11.61"]
[White "Savchenko, Stanislav"]
[Black "Kupreichik, Viktor"]
[Result "1-0"]
[WhiteElo "2559"]
[BlackElo "2484"]
[EventDate "2003.05.30"]
[PlyCount "63"]

1.d4 d6 2.Nf3 g6 3.c4 Bg7 4.Nc3 Nf6 5.e4 O-O 6.Be2 e5 7.O-O Nc6 8.d5 Ne7 
9.b4 Nh5 10.Re1 f5 11.Ng5 Nf4 12.Bxf4 exf4 13.Rc1 Be5 14.Bf3 fxe4 15.Ncxe4
Nf5 16.Ne6 Bxe6 17.dxe6 c6 18.b5 Qe7 19.bxc6 bxc6 20.Nd2 Nd4 21.c5 Qxe6 
22.cxd6 Qf6 23.d7 Rad8 24.Ne4 Qg7 25.Nc5 Qf6 26.Re4 Rf7 27.Qe1 Bd6 28.Re8+
Bf8 29.Rxd8 Qxd8 30.Qe8 Nxf3+ 31.gxf3 Qg5+ 32.Kf1 1-0

[Event "4th EUR-ch"]
[Site "Istanbul TUR"]
[Date "2003.06.11"]
[Round "11.62"]
[White "Olafsson, Helgi"]
[Black "Spasov, Vasil"]
[Result "1/2-1/2"]
[WhiteElo "2473"]
[BlackElo "2555"]
[EventDate "2003.05.30"]
[PlyCount "69"]

1.d4 Nf6 2.c4 g6 3.Nf3 Bg7 4.g3 O-O 5.Bg2 d6 6.O-O Nfd7 7.Nc3 e5 8.h3 exd4
9.Nxd4 Re8 10.e4 Nc5 11.Re1 h6 12.Rb1 Bd7 13.Kh2 a5 14.b3 a4 15.b4 Ne6 16.
Ndb5 h5 17.Be3 h4 18.g4 Bxb5 19.Nxb5 Nd7 20.Kg1 Be5 21.Rc1 g5 22.Qd2 Bf4 
23.Red1 Ne5 24.Nd4 Nxd4 25.Qxd4 Qf6 26.Rf1 c5 27.Qc3 b6 28.a3 Re6 29.b5 
Ra7 30.Qd2 Kg7 31.Bxf4 Qxf4 32.Qxf4 gxf4 33.f3 Kf6 34.Rfd1 Ke7 35.Kf2 
1/2-1/2

[Event "4th EUR-ch"]
[Site "Istanbul TUR"]
[Date "2003.06.11"]
[Round "11.63"]
[White "Meijers, Viesturs"]
[Black "Korneev, Oleg"]
[Result "1-0"]
[WhiteElo "2512"]
[BlackElo "2606"]
[EventDate "2003.05.30"]
[PlyCount "89"]

1.e4 e5 2.Nf3 Nc6 3.Bb5 a6 4.Bxc6 dxc6 5.O-O f6 6.d4 exd4 7.Nxd4 c5 8.Nb3 
Qxd1 9.Rxd1 Bg4 10.f3 Be6 11.Bf4 c4 12.Nd4 O-O-O 13.Nc3 Bf7 14.Kf2 Ne7 15.
Be3 h5 16.g3 b6 17.f4 Re8 18.Rd2 Kb7 19.a3 Nc8 20.Re2 b5 21.Nf3 Bd6 22.Bd2
Rhf8 23.Rae1 Rd8 24.Bc1 Ne7 25.Kg2 Nc6 26.h3 Bc5 27.g4 Nd4 28.Rd2 Nxf3 29.
Kxf3 Bd6 30.Kg2 hxg4 31.hxg4 Be6 32.f5 Bd7 33.Rdd1 Bc6 34.Kf3 Rh8 35.Rh1 
a5 36.g5 b4 37.axb4 axb4 38.Ne2 Rhe8 39.Rh4 Be5 40.Rxd8 Rxd8 41.g6 c3 42.
bxc3 bxc3 43.Rh7 Rd1 44.Rxg7 Rf1+ 45.Kg2 1-0

[Event "4th EUR-ch"]
[Site "Istanbul TUR"]
[Date "2003.06.11"]
[Round "11.64"]
[White "Efimenko, Zahar"]
[Black "Grigoriants, Sergei"]
[Result "1/2-1/2"]
[WhiteElo "2599"]
[BlackElo "2506"]
[EventDate "2003.05.30"]
[PlyCount "56"]

1.e4 c5 2.Nf3 d6 3.d4 cxd4 4.Nxd4 Nf6 5.Nc3 e6 6.Be2 Be7 7.O-O Nc6 8.Be3 
Bd7 9.f4 Nxd4 10.Bxd4 Bc6 11.Bd3 O-O 12.Kh1 Nd7 13.Qe2 Qc7 14.Rf3 Bf6 15.
Bxf6 Nxf6 16.Raf1 Rfe8 17.Rg3 g6 18.Rh3 Qb6 19.Nd1 Rad8 20.b3 Qc5 21.Nf2 
Kg7 22.e5 Nd7 23.Re3 Qd4 24.Be4 Bxe4 25.Nxe4 dxe5 26.Rd3 Qb6 27.Nd6 Rf8 
28.fxe5 Kg8 1/2-1/2